Biblioteca

La gracia de Dios / L. R. Shelton (Registro nro. 42816)

Detalles MARC
000 -LÍDER
Campo fijo de descripción fija 002850000a22001330004500
041 0# - CÓDIGO DE IDIOMA
Código de idioma para texto/pista de sonido o título separado
001 - NÚMERO DE CONTROL
Campo de control 13879
100 1# - ASIENTO PRINCIPAL--NOMBRE PERSONAL
Nombre personal Shelton, L. R.
245 10 - TÍTULO
Título del Material La gracia de Dios / L. R. Shelton
260 ## - PUBLICACIÓN, DISTRIBUCIÓN, ETC. (PIE DE IMPRENTA)
Lugar de publicación, distribución, etc. Pensacola, FL. : Mt. Zion
300 ## - DESCRIPCIÓN FÍSICA
Extensión 32 Pág.
942 ## - TIPO DE MATERIAL (KOHA)
Tipo de Item KOHA Libros General
Existencias
Estado de Material Estado de Perdido Estado de Dañado No para Préstamo Colección Tomo Biblioteca de Origen Biblioteca Permanente Fecha de Adquisición Total de Préstamos Signatura Topográfica Código de Barras Última vez visto Ejemplar/Existencia Fecha de Remplazo Tipo de Material
        Colección Folletos   Biblioteca FUSBC Biblioteca FUSBC 12/08/2006   AV 0014 16132 12/12/2019 1 26/01/2016 Documentos Archivo Vertical

Biblioteca FUSBC | Teléfono: (57+4) 349 88 10 Ext. 141| WhatsApp (+57) 3005338115 
E-mail: biblioteca@unisbc.edu.co | Calle 76 87-14 Robledo Palenque, Medellín, Colombia

Con tecnología Koha